[Event "Open C Gorges"]
[Site "?"]
[Date "2018.07.07"]
[Round "1"]
[White "RAYNOND, Mathis"]
[Black "COUTON, Philippe"]
[Result "0-1"]
[WhiteElo "1202"]
[BlackElo "1399"]
[PlyCount "92"]
[EventDate "2018.??.??"]

1. e4 e5 2. Nf3 Nc6 3. d4 d6 4. dxe5 dxe5 5. Qxd8+ Nxd8 6. Nxe5 Be6 7. Nc3 Bc5
8. Be2 Nf6 9. O-O O-O 10. Bf4 c6 11. Rad1 b5 12. Kh1 a5 13. Bg3 b4 14. Na4 Be7
15. f3 Bxa2 16. b3 Rc8 17. Nb6 Rb8 18. Nec4 Bc5 19. Bxb8 Ne6 20. Bg3 Nd4 21.
Bd3 Re8 22. Ra1 Bxb3 23. cxb3 Nxb3 24. Rab1 Nd4 25. Na4 Be7 26. Nxa5 c5 27. Nb3
Nc6 28. Naxc5 Nh5 29. Bf2 Bd6 30. Bb5 Rc8 31. Ra1 h6 32. Rfd1 Be5 33. Ra4 Bc3
34. Be1 Be5 35. Bxc6 Rxc6 36. Rd5 Bd6 37. Rxh5 Bc7 38. Ra8+ Kh7 39. Bxb4 Rd6
40. g4 Rd1+ 41. Kg2 Bf4 42. Rf5 Be3 43. Rxf7 Kg6 44. Raa7 Kg5 45. Rxg7+ Kh4 46.
Rad7 Rg1# 0-1

[Event "Open C Gorges"]
[Site "?"]
[Date "2018.07.07"]
[Round "1"]
[White "TEXIER, Lionel"]
[Black "DABIN, Pascal"]
[Result "0-1"]
[WhiteElo "1379"]
[BlackElo "1198"]
[PlyCount "82"]

1. e4 e5 2. Bc4 Nc6 3. c3 Nf6 4. Qf3 Be7 5. h3 b6 6. d3 Bb7 7. b4 a6 8. Ne2 O-O
9. O-O b5 10. Bb3 a5 11. bxa5 Nxa5 12. Bc2 d5 13. Ng3 dxe4 14. dxe4 Nc4 15. Nf5
Nd6 16. Rd1 Bxe4 17. Bxe4 Nfxe4 18. Qg4 Bf6 19. f3 Ng5 20. h4 Ne6 21. Na3 Qb8
22. Nh6+ Kh8 23. Nxf7+ Nxf7 24. Qxe6 Bxh4 25. Qg4 Qb6+ 26. Kh2 Be7 27. Nc2 Rad8
28. Rh1 e4 29. Qxe4 Bd6+ 30. g3 Rde8 31. Qd3 Ne5 32. Qf1 Nxf3+ 33. Kg2 Qc6 34.
Rxh7+ Kxh7 35. Qd3+ Kh8 36. Nd4 Nxd4+ 37. Kh3 Qh1+ 38. Kg4 Re4+ 39. Qxe4 Qxe4+
40. Kh3 Ne2 41. Bb2 Bxg3 0-1

[Event "Open C Gorges"]
[Site "?"]
[Date "2018.07.07"]
[Round "1"]
[White "DROUET, Samantha"]
[Black "PAQUET, Guillaume"]
[Result "1-0"]
[WhiteElo "1167"]
[BlackElo "1347"]
[PlyCount "159"]
[EventDate "2018.??.??"]

1. e4 d6 2. Nf3 Nf6 3. Nc3 g6 4. Bc4 Bg7 5. d4 c6 6. O-O O-O 7. Re1 b5 8. Bb3
Nbd7 9. e5 Ne8 10. e6 fxe6 11. Bxe6+ Kh8 12. Ng5 Qc7 13. Qg4 Ndf6 14. Qh4 b4
15. Nce4 d5 16. Nxf6 Nxf6 17. Bf4 Qb6 18. Be5 h6 19. Bf7 Bf5 20. Rac1 Qa6 21.
Be6 Bxe6 22. Nxe6 Rf7 23. Bf4 h5 24. Ng5 Rff8 25. Rxe7 Rae8 26. Re6 Qc8 27.
Rce1 Ne4 28. Rxg6 Nxg5 29. Qxh5+ Nh7 30. Be5 Bxe5 31. dxe5 Re6 32. Rf1 Rxg6 33.
Qxg6 Rg8 34. Qh5 Qe6 35. f4 Rf8 36. Rf3 Qe7 37. Kf1 Qc5 38. Qg6 Qc4+ 39. Kf2
Qc5+ 40. Ke2 Qb5+ 41. Kd2 Qa5 42. c3 bxc3+ 43. bxc3 Qxa2+ 44. Ke3 Qb2 45. e6
Qxc3+ 46. Kf2 Qg7 47. Qh5 Qd4+ 48. Kg3 Qe4 49. f5 Qe5+ 50. Kh3 d4 51. g4 Qf6
52. Rg3 Kg8 53. e7 Qxe7 54. Qg6+ Qg7 55. Qe6+ Kh8 56. Qxc6 Qf6 57. Qc7 Rf7 58.
Qf4 Ng5+ 59. Kg2 Qc6+ 60. Kg1 Qf6 61. h4 Ne6 62. Qb8+ Rf8 63. Qxa7 Qxh4 64. Kf2
Qh2+ 65. Kf3 Qh1+ 66. Kf2 Qh2+ 67. Rg2 Qf4+ 68. Kg1 Qe3+ 69. Kh1 Qh3+ 70. Rh2
Qxh2+ 71. Kxh2 Ng5 72. Qxd4+ Kg8 73. Qf4 Nf7 74. f6 Ra8 75. g5 Ra2+ 76. Kg1
Ra1+ 77. Kf2 Ra2+ 78. Ke1 Ra8 79. g6 Re8+ 80. Kf2 1-0

[Event "Open C Gorges"]
[Site "?"]
[Date "2018.07.07"]
[Round "1"]
[White "DORE, Vincent"]
[Black "DROUET, Angélique"]
[Result "1-0"]
[WhiteElo "1311"]
[BlackElo "1132"]
[PlyCount "47"]

1. d4 d5 2. c4 Nf6 3. cxd5 Nxd5 4. e4 Nb6 5. Nf3 Bg4 6. Be2 e6 7. O-O Nc6 8.
Be3 g6 9. Nbd2 Bg7 10. h3 Nxd4 11. hxg4 Nxf3+ 12. Nxf3 Bxb2 13. Rb1 Qxd1 14.
Rfxd1 Na4 15. Bb5+ c6 16. Bxa4 Bg7 17. Rxb7 O-O 18. Rdd7 h6 19. Bc5 Rfd8 20.
Rxf7 Bc3 21. e5 g5 22. Rg7+ Kh8 23. Rh7+ Kg8 24. Rbg7# 1-0

[Event "Open C Gorges"]
[Site "?"]
[Date "2018.07.07"]
[Round "1"]
[White "BRIAND, Edouard"]
[Black "DESCAMPS, Serge"]
[Result "0-1"]
[WhiteElo "1120"]
[BlackElo "1280"]
[PlyCount "50"]

1. e4 c5 2. Nf3 Nc6 3. Bb5 a6 4. Bc4 e6 5. O-O b5 6. Bb3 c4 7. Bxc4 bxc4 8. d3
cxd3 9. cxd3 e5 10. Bg5 Be7 11. Bxe7 Qxe7 12. Nc3 Nf6 13. Nh4 d6 14. Nf5 Bxf5
15. exf5 O-O 16. Qf3 Nd4 17. Qd1 Qb7 18. b3 Rac8 19. Ne2 Nxe2+ 20. Qxe2 Rc3 21.
Rfd1 Rfc8 22. Qd2 Rc2 23. Qa5 Qa7 24. Re1 Qxf2+ 25. Kh1 Qxg2# 0-1

[Event "Open C Gorges"]
[Site "?"]
[Date "2018.07.07"]
[Round "1"]
[White "TALLEC, Hadrien"]
[Black "ALLARD-NEDELLEC, Anna"]
[Result "0-1"]
[WhiteElo "1251"]
[BlackElo "1095"]
[PlyCount "126"]
[EventDate "2018.??.??"]

1. e4 e5 2. Nf3 Nc6 3. Bc4 Bc5 4. d3 Nf6 5. Nc3 d6 6. h3 Bd7 7. Be3 Bb6 8. Qd2
Qe7 9. Bg5 h6 10. Nd5 Qd8 11. Nxf6+ gxf6 12. Bxh6 Rg8 13. Rg1 Qe7 14. Be3 O-O-O
15. O-O-O Rg6 16. Bxb6 axb6 17. Kb1 Rdg8 18. Nh4 R6g7 19. g4 Rh7 20. Nf5 Bxf5
21. gxf5 Rxg1 22. Rxg1 Rxh3 23. Rg8+ Kd7 24. a3 Na5 25. Bb5+ Nc6 26. Bc4 Na5
27. Bd5 c6 28. Ba2 Rh1+ 29. Qc1 Rxc1+ 30. Kxc1 d5 31. Rg7 Qf8 32. Rh7 Qg8 33.
Rh1 Qg2 34. Rd1 Qxf2 35. b4 Qd4 36. bxa5 Qa1+ 37. Bb1 Qxa3+ 38. Kd2 bxa5 39. c3
Qc5 40. Bc2 Qf2+ 41. Kc1 Qe3+ 42. Rd2 Qe1+ 43. Bd1 a4 44. c4 d4 45. Ra2 Qc3+
46. Bc2 b5 47. cxb5 cxb5 48. Rb2 b4 49. Kb1 a3 50. Ba4+ Ke7 51. Rc2 Qe1+ 52.
Rc1 Qe2 53. Bc2 Qd2 54. Rd1 Qc3 55. Kc1 Qb2+ 56. Kd2 a2 57. Ke1 Qxc2 58. Ra1
Qb1+ 59. Rxb1 axb1=Q+ 60. Ke2 Qc2+ 61. Ke1 b3 62. Kf1 b2 63. Ke1 b1=R# 0-1

[Event "Open C Gorges"]
[Site "?"]
[Date "2018.07.07"]
[Round "2"]
[White "COUTON, Philippe"]
[Black "DROUET, Samantha"]
[Result "0-1"]
[WhiteElo "1399"]
[BlackElo "1167"]
[PlyCount "50"]

1. d4 d5 2. Bf4 e6 3. Nf3 Be7 4. e3 Nf6 5. Nc3 O-O 6. Ne5 Ne4 7. Nxe4 dxe4 8.
Bc4 f6 9. Ng4 b6 10. O-O Bd6 11. d5 e5 12. Bg3 Kh8 13. a3 Qe7 14. b4 f5 15. Nh6
Qg5 16. h3 Qxh6 17. Be2 c6 18. dxc6 Nxc6 19. b5 Ne7 20. Bc4 f4 21. Bd5 Rb8 22.
Qd2 f3 23. gxf3 exf3 24. Bc4 Qxh3 25. e4 Qg2# 0-1

[Event "Open C Gorges"]
[Site "?"]
[Date "2018.07.07"]
[Round "2"]
[White "DABIN, Pascal"]
[Black "DORE, Vincent"]
[Result "0-1"]
[WhiteElo "1198"]
[BlackElo "1311"]
[PlyCount "78"]

1. e4 c6 2. Nf3 d5 3. e5 Bg4 4. Be2 e6 5. d4 c5 6. Be3 cxd4 7. Nxd4 Bxe2 8.
Qxe2 Bc5 9. Qb5+ Nd7 10. O-O Ne7 11. b4 Bb6 12. c4 a6 13. Qa4 dxc4 14. Nc3 O-O
15. Rfd1 Qc7 16. Nf3 Rfd8 17. Bxb6 Nxb6 18. Qc2 Nc6 19. Ng5 g6 20. a3 Qxe5 21.
Nf3 Rxd1+ 22. Rxd1 Qf5 23. Qxf5 exf5 24. Nd5 Nxd5 25. Rxd5 Rd8 26. Rxd8+ Nxd8
27. Nd4 Ne6 28. Nc2 b5 29. f3 Nf4 30. Kf2 Nd3+ 31. Ke3 Kf8 32. Kd4 Ke7 33. Kd5
Kd7 34. Nd4 Ne1 35. Kc5 Kc7 36. g4 fxg4 37. fxg4 c3 38. Nb3 c2 39. h4 Nd3+ 0-1

[Event "Open C Gorges"]
[Site "?"]
[Date "2018.07.07"]
[Round "2"]
[White "DESCAMPS, Serge"]
[Black "COUTON, Ewan"]
[Result "1-0"]
[WhiteElo "1280"]
[BlackElo "1010"]
[PlyCount "31"]

1. e4 e5 2. Nf3 Nc6 3. d4 d5 4. exd5 exd4 5. dxc6 bxc6 6. Bc4 Bb4+ 7. c3 dxc3
8. Bxf7+ Kxf7 9. Qxd8 Bb7 10. Qxc7+ Kf8 11. bxc3 Bxc3+ 12. Nxc3 Rc8 13. Ba3+
Ke8 14. Qxb7 Kd8 15. Rd1+ Ke8 16. Qd7# 1-0

[Event "Open C Gorges"]
[Site "?"]
[Date "2018.07.07"]
[Round "2"]
[White "ALLARD-NEDELLEC, Anna"]
[Black "TEXIER, Lionel"]
[Result "1-0"]
[WhiteElo "1095"]
[BlackElo "1379"]
[PlyCount "51"]

1. e4 e5 2. Nf3 Qf6 3. c3 h6 4. d4 exd4 5. cxd4 d6 6. Bc4 a6 7. Nc3 Bd7 8. Qb3
b5 9. Bd3 c6 10. Be3 Qd8 11. Rc1 Ne7 12. O-O Ng6 13. a4 Qb6 14. axb5 axb5 15.
Ra1 Qb7 16. Ra2 d5 17. exd5 cxd5 18. Nxd5 Rxa2 19. Qxa2 Be6 20. Be4 Ne7 21.
Nf6+ gxf6 22. Qxe6 fxe6 23. Bxb7 Nd5 24. Bxd5 exd5 25. Rc1 Bd6 26. Rc8+ 1-0

[Event "Open C Gorges"]
[Site "?"]
[Date "2018.07.07"]
[Round "2"]
[White "PAQUET, Guillaume"]
[Black "RAYNOND, Mathis"]
[Result "1/2-1/2"]
[WhiteElo "1347"]
[BlackElo "1202"]
[PlyCount "75"]

1. e4 e5 2. Nf3 Nc6 3. d4 exd4 4. Bc4 h6 5. Nxd4 Bc5 6. c3 Nf6 7. Nxc6 bxc6 8.
e5 Nd5 9. Bxd5 cxd5 10. Qxd5 Bxf2+ 11. Kxf2 Rb8 12. Rf1 Bb7 13. Qc4 O-O 14. Kg1
Qc8 15. Qg4 h5 16. Qxh5 Bd5 17. b3 Qb7 18. Qg4 Rbd8 19. Bh6 Qb6+ 20. Qd4 Qxd4+
21. cxd4 gxh6 22. Nc3 Bb7 23. Rf6 Kg7 24. Raf1 d6 25. R1f4 dxe5 26. dxe5 Bc8
27. Nb5 Rd1+ 28. Kf2 Rd2+ 29. Kg1 Rxa2 30. Nxc7 Re2 31. Nb5 Rxe5 32. Nd6 Be6
33. b4 Rd5 34. Ne4 a5 35. bxa5 Rxa5 36. Rh4 Re5 37. Rfxh6 Rxe4 38. Rh7+ 1/2-1/2

[Event "Open C Gorges"]
[Site "?"]
[Date "2018.07.07"]
[Round "2"]
[White "DROUET, Angélique"]
[Black "TALLEC, Hadrien"]
[Result "1/2-1/2"]
[WhiteElo "1132"]
[BlackElo "1251"]
[PlyCount "111"]

1. e4 e5 2. Nf3 Nc6 3. Bc4 Bc5 4. O-O d6 5. c3 Bg4 6. Qb3 Qd7 7. Ng5 Bh5 8. Bd5
Rb8 9. d3 h6 10. Nf3 Bxf3 11. gxf3 Nf6 12. c4 Nd4 13. Qd1 c6 14. Bxf7+ Qxf7 15.
f4 Qh5 16. Qxh5+ Nxh5 17. fxe5 Nc2 18. exd6 Bxd6 19. d4 O-O 20. e5 Be7 21. d5
cxd5 22. cxd5 Nxa1 23. d6 Bh4 24. e6 Rf6 25. d7 Rxe6 26. f4 Rf8 27. f5 Re1 28.
Bxh6 Rxf1+ 29. Kxf1 Rxf5+ 30. Kg1 gxh6 31. Nc3 Re5 32. Kg2 Nc2 33. Kh3 Nf4+ 34.
Kxh4 Rg5 35. Ne4 Rd5 36. Nf6+ Kf7 37. Nxd5 Ne6 38. Nf4 Nd8 39. Kh5 Ke7 40. Kxh6
Kxd7 41. h4 Nf7+ 42. Kg7 Ke7 43. h5 Nb4 44. a3 Nc6 45. Ng6+ Ke8 46. Nh8 Ncd8
47. b4 Ne6+ 48. Kg8 Nxh8 49. Kxh8 Kf8 50. Kh7 Kf7 51. a4 b6 52. a5 bxa5 53.
bxa5 a6 54. Kh8 Nf4 55. h6 Ne6 56. h7 1/2-1/2

[Event "Open C Gorges"]
[Site "?"]
[Date "2018.07.07"]
[Round "3"]
[White "DORE, Vincent"]
[Black "ALLARD-NEDELLEC, Anna"]
[Result "0-1"]
[WhiteElo "1311"]
[BlackElo "1095"]
[PlyCount "112"]

1. d4 d5 2. c4 dxc4 3. e4 e5 4. Nf3 exd4 5. Bxc4 Bb4+ 6. Nbd2 c5 7. O-O Ne7 8.
Bxf7+ Kxf7 9. Ng5+ Ke8 10. Qh5+ g6 11. Qh6 Kd7 12. Nf7 Qf8 13. Qh3+ Ke8 14.
Nd6+ Kd8 15. Qh4 Nbc6 16. N2c4 Kc7 17. Bf4 Kd8 18. Nxc8 Kxc8 19. Nd6+ Kd7 20.
Qg4+ Kd8 21. Nxb7+ Ke8 22. a3 Ba5 23. Nxc5 Kf7 24. Qe6+ Kg7 25. Qh3 Qc8 26.
Bh6+ Kf7 27. Qf3+ Ke8 28. Qf6 Rg8 29. e5 Qf5 30. Qd6 Rd8 31. Qe6 Qxe6 32. Nxe6
Rb8 33. b4 Bb6 34. Rfd1 Nxe5 35. Bf4 N7c6 36. b5 Ke7 37. Ng5 Rbf8 38. Bxe5 Nxe5
39. Re1 Kd6 40. Red1 d3 41. Ne4+ Kd5 42. Nd2 Bxf2+ 43. Kh1 Bd4 44. Rab1 Rc8 45.
h3 Rc2 46. b6 Bxb6 47. Rb5+ Rc5 48. Rxc5+ Kxc5 49. Ne4+ Kd4 50. Nf6 Rg7 51. Ne8
Re7 52. Nd6 Kc3 53. Ne4+ Kd4 54. Nf2 Ke3 55. Kg1 Ke2 56. Ra1 Bxf2+ 0-1

[Event "Open C Gorges"]
[Site "?"]
[Date "2018.07.07"]
[Round "3"]
[White "DROUET, Samantha"]
[Black "DESCAMPS, Serge"]
[Result "1-0"]
[WhiteElo "1167"]
[BlackElo "1280"]
[PlyCount "67"]

1. e4 c5 2. Nf3 Nc6 3. d4 cxd4 4. Nxd4 e5 5. Nf5 d6 6. Bc4 Bxf5 7. exf5 Qf6 8.
Nc3 Qxf5 9. Nd5 Qd7 10. O-O Nge7 11. Be3 Nxd5 12. Qxd5 Nb4 13. Qd2 d5 14. Be2
d4 15. Bg5 Rc8 16. c3 Nc6 17. f4 d3 18. Bf3 Bc5+ 19. Kh1 O-O 20. Rae1 Rfe8 21.
Be4 f5 22. Bxd3 Kh8 23. Qe2 e4 24. Bc4 a6 25. Rd1 Qc7 26. Rd5 Ne7 27. Bxe7 Rxe7
28. Rxf5 Rd8 29. Qg4 Qd7 30. Rd5 Qc7 31. f5 Rxd5 32. Bxd5 e3 33. Bc4 Bd6 34. f6
1-0

[Event "Open C Gorges"]
[Site "?"]
[Date "2018.07.07"]
[Round "3"]
[White "COUTON, Ewan"]
[Black "COUTON, Philippe"]
[Result "0-1"]
[WhiteElo "1010"]
[BlackElo "1399"]
[PlyCount "48"]

1. e4 e5 2. Bc4 Nf6 3. Nc3 Bc5 4. Nf3 O-O 5. O-O d6 6. d3 Nc6 7. Bg5 Qd7 8. Na4
Nd4 9. Nd2 Qxa4 10. b3 Qd7 11. Be3 Ng4 12. Bxd4 Bxd4 13. Nf3 Bxa1 14. Ng5 Bd4
15. Qxg4 Qxg4 16. Nf3 Qg6 17. c3 Bh3 18. g3 Bb6 19. Re1 Rad8 20. d4 c6 21. dxe5
dxe5 22. Nxe5 Qf6 23. Be2 Qxf2+ 24. Kh1 Bg2# 0-1

[Event "Open C Gorges"]
[Site "?"]
[Date "2018.07.07"]
[Round "3"]
[White "TALLEC, Hadrien"]
[Black "DABIN, Pascal"]
[Result "1-0"]
[WhiteElo "1251"]
[BlackElo "1198"]
[PlyCount "67"]

1. e4 e5 2. Nf3 Nc6 3. Bc4 h6 4. Nc3 Nf6 5. d3 Bc5 6. O-O O-O 7. Be3 Bd4 8.
Bxd4 exd4 9. Nb5 a6 10. Nbxd4 b5 11. Nxc6 dxc6 12. Bb3 Bb7 13. Ne5 Qd4 14. Ng6
Rfe8 15. c3 Qd6 16. e5 Qc5 17. exf6 gxf6 18. Qg4 Qg5 19. Qxg5 fxg5 20. d4 a5
21. Ne5 a4 22. Bxf7+ Kg7 23. Bxe8 Rxe8 24. b3 a3 25. f4 c5 26. fxg5 Bd5 27.
gxh6+ Kxh6 28. Rae1 Kg7 29. c4 bxc4 30. bxc4 Bg8 31. Re3 cxd4 32. Rg3+ Kh6 33.
Ng4+ Kh5 34. Nf6+ 1-0

[Event "Open C Gorges"]
[Site "?"]
[Date "2018.07.07"]
[Round "3"]
[White "RAYNOND, Mathis"]
[Black "DROUET, Angélique"]
[Result "1-0"]
[WhiteElo "1202"]
[BlackElo "1132"]
[PlyCount "103"]

1. e4 e5 2. Nf3 Nc6 3. d4 exd4 4. Nxd4 Nxd4 5. Qxd4 b6 6. Bc4 Bb7 7. Nc3 Bc5 8.
Qxg7 Qf6 9. Qg3 O-O-O 10. O-O Bd6 11. Qd3 Qe5 12. Qg3 Nf6 13. Bd2 Nxe4 14. Qxe5
Bxe5 15. Nxe4 Bxe4 16. c3 Rhg8 17. f3 Bc6 18. Bxf7 Rg7 19. Bc4 d5 20. Ba6+ Kb8
21. Rfe1 Re8 22. a4 d4 23. Bb5 Bxb5 24. axb5 Rge7 25. Re4 Kb7 26. Rae1 c6 27.
f4 dxc3 28. bxc3 Bd6 29. Rxe7+ Rxe7 30. Rxe7+ Bxe7 31. bxc6+ Kxc6 32. g4 Kd6
33. Kf2 a5 34. Ke3 Ke6 35. Bc1 Kd5 36. Kd3 b5 37. h3 Bd6 38. h4 h6 39. g5 hxg5
40. fxg5 Be5 41. g6 Ke6 42. Ke4 Bxc3 43. Bg5 b4 44. h5 b3 45. Kd3 b2 46. Kc2 a4
47. h6 a3 48. Kb1 Kf5 49. g7 Kxg5 50. g8=Q+ Kxh6 51. Qe6+ Kg5 52. Qe3+ 1-0

[Event "Open C Gorges"]
[Site "?"]
[Date "2018.07.08"]
[Round "4"]
[White "ALLARD-NEDELLEC, Anna"]
[Black "DROUET, Samantha"]
[Result "0-1"]
[WhiteElo "1095"]
[BlackElo "1167"]
[PlyCount "80"]

1. e4 c5 2. Nf3 Nc6 3. c3 e6 4. d4 cxd4 5. cxd4 Nf6 6. Nc3 d5 7. e5 Ne4 8. a3
Be7 9. Bd3 Ng5 10. Nxg5 Bxg5 11. Bxg5 Qxg5 12. O-O Nxd4 13. f4 Qe7 14. Nb5 Nxb5
15. Bxb5+ Bd7 16. Bxd7+ Qxd7 17. Qb3 Rc8 18. Rac1 O-O 19. g3 f6 20. Qe3 fxe5
21. Qxe5 Rf5 22. Rxc8+ Qxc8 23. Qe3 b6 24. Rc1 Qd7 25. g4 Rf7 26. Re1 Re7 27.
Qe5 Qa4 28. Re3 Qd1+ 29. Kf2 Qxg4 30. Rg3 Qh4 31. Kg2 h6 32. h3 Rf7 33. Rg4 Qe7
34. Rg3 Rf5 35. Qe3 e5 36. fxe5 Rxe5 37. Qxh6 Re2+ 38. Kh1 Qe4+ 39. Kg1 Qb1+
40. Qc1 Qxc1# 0-1

[Event "Open C Gorges"]
[Site "?"]
[Date "2018.07.08"]
[Round "4"]
[White "COUTON, Philippe"]
[Black "DORE, Vincent"]
[Result "0-1"]
[WhiteElo "1399"]
[BlackElo "1311"]
[PlyCount "110"]

1. d4 d5 2. Nc3 Nf6 3. Bf4 c6 4. e3 Qb6 5. b3 e6 6. Bd3 Bb4 7. Nge2 Nbd7 8. O-O
O-O 9. a3 Bxc3 10. Nxc3 Re8 11. e4 Qxd4 12. Ne2 Qb6 13. e5 Nh5 14. Qd2 Qc7 15.
Qe3 Nxf4 16. Nxf4 Nxe5 17. Be2 c5 18. Qg3 Ng6 19. Nxg6 Qxg3 20. hxg3 hxg6 21.
f4 Bd7 22. Kf2 e5 23. Rh1 f6 24. Bd3 e4 25. Be2 Kf7 26. Rad1 Bc6 27. g4 e3+ 28.
Kg3 d4 29. Bc4+ Ke7 30. f5 gxf5 31. gxf5 b5 32. Be6 Rad8 33. Rh7 Kd6 34. Rxg7
Bd5 35. Bf7 Bxf7 36. Rxf7 Ke5 37. Kg4 Rg8+ 38. Kf3 Kxf5 39. Rh1 Rh8 40. Rxh8
Rxh8 41. Rxa7 Re8 42. Ke2 c4 43. Ra5 Re5 44. bxc4 bxc4 45. Rxe5+ Kxe5 46. a4
d3+ 47. cxd3 c3 48. Kd1 Kd4 49. a5 Kxd3 50. a6 c2+ 51. Kc1 e2 52. a7 e1=Q+ 53.
Kb2 Qb4+ 54. Ka2 Kc3 55. a8=Q Qb2# 0-1

[Event "Open C Gorges"]
[Site "?"]
[Date "2018.07.08"]
[Round "4"]
[White "DESCAMPS, Serge"]
[Black "RAYNOND, Mathis"]
[Result "0-1"]
[WhiteElo "1280"]
[BlackElo "1202"]
[PlyCount "35"]

1. e4 e5 2. Nf3 Nc6 3. Bc4 Bc5 4. b4 Bxb4 5. c3 Ba5 6. d4 d6 7. dxe5 dxe5 8.
Qxd8+ Kxd8 9. Bxf7 Nf6 10. Ba3 Nxe4 11. O-O Bd7 12. Rd1 Kc8 13. Bd5 Nxc3 14.
Rd3 Nxb1 15. Rxb1 Bf5 16. Bxc6 bxc6 17. Rbd1 Bxd3 18. Rxd3 0-1

[Event "Open C Gorges"]
[Site "?"]
[Date "2018.07.08"]
[Round "4"]
[White "PAQUET, Guillaume"]
[Black "TALLEC, Hadrien"]
[Result "1-0"]
[WhiteElo "1347"]
[BlackElo "1251"]
[PlyCount "61"]

1. e4 e5 2. Nf3 Nc6 3. Bc4 Bc5 4. c3 Nf6 5. d3 d6 6. O-O O-O 7. Nbd2 Be6 8. Bb3
h6 9. h3 Re8 10. Re1 Qd7 11. Nf1 Nh5 12. d4 exd4 13. cxd4 Bb4 14. Bxe6 fxe6 15.
Re2 Rad8 16. a3 Ba5 17. Be3 e5 18. d5 Ne7 19. N1d2 c6 20. Nc4 Qc7 21. b4 Bb6
22. Bxb6 axb6 23. Rc1 Nf6 24. a4 Rc8 25. Rec2 Qd8 26. dxc6 bxc6 27. Qxd6 Nd7
28. Rd2 Nf6 29. Qe6+ Kf8 30. Nfxe5 Qd5 31. exd5 1-0

[Event "Open C Gorges"]
[Site "?"]
[Date "2018.07.08"]
[Round "4"]
[White "DABIN, Pascal"]
[Black "BRIAND, Edouard"]
[Result "1-0"]
[WhiteElo "1198"]
[BlackElo "1120"]
[PlyCount "57"]

1. e4 e5 2. Nc3 d6 3. Bc4 c6 4. h3 Nf6 5. Nf3 Be7 6. Ng5 h6 7. Nxf7 Qc7 8. Nxh8
d5 9. Bb3 h5 10. exd5 cxd5 11. Nxd5 Nxd5 12. Bxd5 Qd6 13. Bf7+ Kf8 14. Bxh5 Qh6
15. Ng6+ Ke8 16. Nxe7+ Kxe7 17. d3 Qh7 18. Bg5+ Kf8 19. Qf3+ Kg8 20. Qf7+ Kh8
21. Qf8+ Qg8 22. Qxg8+ Kxg8 23. O-O-O Nc6 24. Bf3 Nb4 25. Kb1 Bd7 26. a3 Nd5
27. Bxd5+ Kh8 28. d4 exd4 29. Rxd4 1-0

[Event "Open C Gorges"]
[Site "?"]
[Date "2018.07.08"]
[Round "4"]
[White "DROUET, Angélique"]
[Black "COUTON, Ewan"]
[Result "1-0"]
[WhiteElo "1132"]
[BlackElo "1010"]
[PlyCount "37"]

1. e4 e5 2. Nf3 Nc6 3. Bc4 Nf6 4. Ng5 Na5 5. Bxf7+ Ke7 6. d4 Nc6 7. dxe5 Nxe5
8. Bc4 Qe8 9. b3 Kd8 10. Bb2 Bb4+ 11. Nd2 Bc5 12. Bxe5 Qxe5 13. Nf7+ Ke7 14.
Nxe5 Ng4 15. Qxg4 d6 16. Qxg7+ Kd8 17. Qxh8+ Ke7 18. Nf7 c6 19. Qd8# 1-0

[Event "Open C Gorges"]
[Site "?"]
[Date "2018.07.08"]
[Round "5"]
[White "DROUET, Samantha"]
[Black "DORE, Vincent"]
[Result "0-1"]
[WhiteElo "1167"]
[BlackElo "1311"]
[PlyCount "76"]

1. e4 c6 2. d4 d5 3. exd5 cxd5 4. Nf3 Nf6 5. Bf4 Bg4 6. Be2 Qb6 7. b3 Nc6 8.
Be3 e6 9. O-O Bd6 10. Nbd2 O-O 11. c3 Rac8 12. Rc1 Ba3 13. Ra1 Bf5 14. Ne5 Bb2
15. Bg5 Nxe5 16. dxe5 Nd7 17. Be3 Qc7 18. f4 Bxa1 19. Qxa1 Qxc3 20. Qxc3 Rxc3
21. Bxa7 Rc2 22. Rd1 Ra8 23. Bd4 Raxa2 24. Nf3 Rxe2 25. Nh4 Rad2 26. Rc1 Bc2
27. Nf3 Rd1+ 28. Rxd1 Bxd1 29. Kf1 Re4 30. g3 Bxf3 31. Bf2 d4 32. h3 d3 33. Be1
Re2 34. g4 d2 35. Bxd2 Rxd2 36. f5 Nxe5 37. fxe6 Bg2+ 38. Kg1 Nf3# 0-1

[Event "Open C Gorges"]
[Site "?"]
[Date "2018.07.08"]
[Round "5"]
[White "RAYNOND, Mathis"]
[Black "ALLARD-NEDELLEC, Anna"]
[Result "0-1"]
[WhiteElo "1202"]
[BlackElo "1095"]
[PlyCount "56"]

1. e4 e5 2. Nf3 Nc6 3. d4 exd4 4. Nxd4 Bc5 5. Be3 Qf6 6. c3 Nge7 7. g3 h5 8.
Bg2 h4 9. O-O Qg6 10. Qe2 d6 11. Nd2 Qh7 12. Bf3 Bd7 13. N2b3 Bb6 14. a4 a6 15.
Rfd1 O-O-O 16. Nd2 Rdg8 17. b4 g5 18. g4 Qg7 19. N2b3 a5 20. b5 Ne5 21. Bh1
Nxg4 22. h3 Nxe3 23. Qxe3 g4 24. hxg4 Bxg4 25. Rdb1 Bf3+ 26. Kh2 Bxh1 27. Rg1
Bg2 28. f3 Qg3# 0-1

[Event "Open C Gorges"]
[Site "?"]
[Date "2018.07.08"]
[Round "5"]
[White "COUTON, Philippe"]
[Black "PAQUET, Guillaume"]
[Result "0-1"]
[WhiteElo "1399"]
[BlackElo "1347"]
[PlyCount "76"]

1. d4 d5 2. Nf3 e6 3. Bf4 Nf6 4. Nc3 Bb4 5. e3 Ne4 6. Bd3 Nxc3 7. bxc3 Bxc3+ 8.
Ke2 Bxa1 9. Qxa1 Nd7 10. Bb5 c6 11. Bg5 Nf6 12. Bd3 h6 13. Bf4 O-O 14. h3 b6
15. g4 c5 16. g5 hxg5 17. Bxg5 c4 18. Ne5 cxd3+ 19. cxd3 Re8 20. Rg1 Kf8 21. a4
Qd6 22. Qc3 Bb7 23. h4 Rac8 24. Qb3 Ke7 25. f4 Rg8 26. Rh1 Rh8 27. Kf3 Ke8 28.
Qb5+ Bc6 29. Qa6 Qc7 30. e4 dxe4+ 31. dxe4 Bxe4+ 32. Ke3 Bxh1 33. Qb5+ Bc6 34.
Qb4 Nd5+ 35. Kd3 Nxb4+ 36. Ke3 Bh1 37. Kf2 Qc2+ 38. Kg1 Qg2# 0-1

[Event "Open C Gorges"]
[Site "?"]
[Date "2018.07.08"]
[Round "5"]
[White "DABIN, Pascal"]
[Black "DESCAMPS, Serge"]
[Result "0-1"]
[WhiteElo "1198"]
[BlackElo "1280"]
[PlyCount "82"]

1. e4 g6 2. Nf3 Bg7 3. d4 d6 4. Nc3 e6 5. Bf4 Bd7 6. e5 dxe5 7. Bxe5 f6 8. Bg3
Ne7 9. Bb5 O-O 10. Qd3 Nf5 11. O-O-O c6 12. Bc4 b5 13. Bb3 Na6 14. Qe4 Re8 15.
h4 Nxg3 16. fxg3 Bh6+ 17. Kb1 f5 18. Qe5 Bg7 19. Qd6 Qc7 20. Qxc7 Nxc7 21. Rde1
a5 22. a3 b4 23. axb4 axb4 24. Na4 Nb5 25. Nc5 Nxd4 26. Nxd4 Bxd4 27. Nxd7 Kf7
28. Ne5+ Kf6 29. Nxc6 Bc5 30. Ne5 Bd6 31. Nf3 Bxg3 32. Re2 e5 33. Ng5 Re7 34.
Rd2 e4 35. h5 Rea7 36. c3 bxc3 37. Nxh7+ Rxh7 38. Rdd1 cxb2 39. Rh3 Be5 40.
hxg6 Rc7 41. g7 Ra1# 0-1

[Event "Open C Gorges"]
[Site "?"]
[Date "2018.07.08"]
[Round "5"]
[White "COUTON, Ewan"]
[Black "TALLEC, Hadrien"]
[Result "0-1"]
[WhiteElo "1010"]
[BlackElo "1251"]
[PlyCount "64"]

1. e4 e5 2. Bc4 Nf6 3. Nc3 c6 4. Nf3 d5 5. Bb3 d4 6. Na4 b5 7. Nc5 Bxc5 8. O-O
O-O 9. d3 Bg4 10. Bg5 a5 11. a4 Qd6 12. Qc1 Bxf3 13. Bh4 Be2 14. Bxf6 Qxf6 15.
Re1 bxa4 16. Bxa4 Bg4 17. c3 dxc3 18. bxc3 Bxf2+ 19. Kh1 Bxe1 20. Qxe1 Na6 21.
d4 exd4 22. cxd4 Qxd4 23. Rd1 Qxa4 24. Rd2 Rfd8 25. h3 Rxd2 26. Qxd2 Qa1+ 27.
Kh2 Qe5+ 28. Kh1 Rb8 29. Kg1 Rb1+ 30. Kf2 Rb2 31. Ke1 Qg3+ 32. Qf2 Qxf2# 0-1

[Event "Open C Gorges"]
[Site "?"]
[Date "2018.07.08"]
[Round "5"]
[White "BRIAND, Edouart"]
[Black "DROUET, Angélique"]
[Result "0-1"]
[WhiteElo "1120"]
[BlackElo "1132"]
[PlyCount "44"]

1. e4 e5 2. Nf3 Nc6 3. Bc4 Bc5 4. d3 h6 5. Nbd2 Nf6 6. O-O O-O 7. Nb3 d6 8. h3
Re8 9. Nh4 Nd4 10. Nxd4 Bxd4 11. Nf5 Bxf5 12. exf5 d5 13. Bb5 c6 14. Ba4 b5 15.
Bb3 Qb6 16. Bd2 e4 17. Re1 Bxf2+ 18. Kf1 Bxe1 19. Qxe1 exd3 20. Qb1 dxc2 21.
Bxc2 Ne4 22. Bc1 Qf2# 0-1